Statistics for First Names of Sports Players

Click here to take the quiz!

General Stats

  • This quiz has been taken 35 times
  • The average score is 6 of 15

Answer Stats

HintAnswer% Correct
Brady (NFL)Thomas
100%
James (NBA)LeBron
97%
Lewandowski (Bundesliga)Robert
71%
Mane (Premier League)Sadio
58%
Sancho (Premier League)Jadon
52%
Norris (F1)Lando
48%
Bottas (F1)Valtteri
45%
Gasly (F1)Pierre
39%
Adesanya (UFC)Israel
32%
Butler (Cricket)Joss
23%
Whyte (Boxing)Dillian
19%
Poirier (UFC)Dustin
19%
Lehmann (Womens Super League-football)Alisha
16%
Álvarez (Boxing)Canelo
16%
Wyne Jones (Rugby Union)Alun
13%

Score Distribution

Percentile by Number Answered

Percent of People with Each Score

Your Score History

You have not taken this quiz